Koniec umelého členenia štátu

Teritoriálne informácie o Poľsku. Štátne usporiadanie. Zamestnávanie cudzincov. Aktuálny stav hospodárstva. Privatizácia, bankovníctvo, poisťovníctvo, investície. Organizácie poskytujúce informácie o poľskom trhu a poľských obchodných partneroch.

Uložené v:
Podrobná bibliografia
Médium: Kapitola
Jazyk:Slovak
Predmet:
Tagy: Pridať tag
Žiadne tagy, Buďte prvý, kto otaguje tento záznam!

MARC

LEADER 00000naa a2200000 4500
001 r042903
005 20230920073251.1
041 0 |a slo 
044 |a SK 
245 1 0 |a Koniec umelého členenia štátu 
520 |a Teritoriálne informácie o Poľsku. Štátne usporiadanie. Zamestnávanie cudzincov. Aktuálny stav hospodárstva. Privatizácia, bankovníctvo, poisťovníctvo, investície. Organizácie poskytujúce informácie o poľskom trhu a poľských obchodných partneroch. 
610 2 0 |a Poľsko 
610 2 0 |a vývoj hospodársky 
610 2 0 |a usporiadanie správne 
610 2 0 |a usporiadanie územné 
610 2 0 |a privatizácia 
610 2 0 |a bankovníctvo 
610 2 0 |a investície 
610 2 0 |a obchod zahraničný